LEADER 01045nam a2200241 i 4500 001 000000256062 003 CaOOAMICUS 005 20171109000000.0 008 171109s2015 it u000 u por u 013 $a234970 020 $a978-972-27-2363-3 040 $aSeMil$bita 100 1 $aGouveia Bacelar, Jorge <1966- >.$0(OLS)http://semarc/name/94623 245 10$aDireito da religićo :$btextos fundamentais /$cJorge Bacelar Gouveia ... [et al.]. 260 $aLisboa :$bINCM, Imprensa Nacional-Casa da Moeda,$c2015. 300 $a493 p. ;$c23 cm. 650 4$aLibertą religiosa - Diritto.$0(OLS)http://semarc/subject/10817 850 $aSeMil 852 $aSeMil$W1$xVenegono$y1$m2H V 23$j206408$B206408$CSeMilBibl$Z2$F219746 $81 961 $aOmaggio: Perego don Stefano 996 $6020$a978-972-27-2363-3$9(OLS)http://semarc/number/280248 996 $6245$aDireito da religićo :$btextos fundamentais$9(OLS)http://semarc/title/412064 996 $6260$aLisboa :$bINCM, Imprensa Nacional-Casa da Moeda$9(OLS)http://semarc/publisher/57636 LEADER 01332nam a2200277 i 4500 001 000000128389 003 CaOOAMICUS 005 20260225152833.0 008 040722s1965 it u000 u ita u 013 $a101115 040 $aSeMil$bita 245 13$aIl Tiepolo all'Arcivescovado di Udine /$ctesto di Aldo Rizzi. 260 $aGinevra :$bSkira,$ccopyr. 1965. 260 $aMilano :$bFratelli Fabbri Editori,$ccopyr. 1965. 300 $a36 p. :$bill. ;$c36 cm. 490 0 $aL'arte racconta : le grandi imprese decorative nell'artedi tutti i tempi ;$v5.[13] 650 4$aUdine - Palazzo arcivescovile - Affreschi.$0(OLS)http://semarc/subject/59627 650 4$aTiepolo, Giambattista <1696-1770> - Affreschi - Udine.$0(OLS)http://semarc/subject/25337 700 1 $aRizzi, Aldo.$0(OLS)http://semarc/name/53439 830 2$aL'arte racconta : le grandi imprese decorative nell'artedi tutti i tempi ;$v5.[13].$0(OLS)http://semarc/title/15814 850 $aSeMil 852 $aSeMil$W1$xVenegono$y1$m5J VII 13/5$j82614$B82614$CSeMilBibl$Z2$F84954 $81 996 $6245$aIl Tiepolo all'Arcivescovado di Udine$9(OLS)http://semarc/title/189722 996 $6260$aMilano :$bFratelli Fabbri Editori$9(OLS)http://semarc/publisher/29845 996 $6260$aGinevra :$bSkira$9(OLS)http://semarc/publisher/33287